MARC

LEADER 00000nlm0a2200000 4500
001 662802
005 20240206112201.0
035 |a (RuTPU)RU\TPU\network\33960 
035 |a RU\TPU\network\26398 
090 |a 662802 
100 |a 20201029d2018 m y0rusy50 ca 
101 0 |a rus 
102 |a RU 
105 |a a j 000zy 
135 |a jrcn ---uucaa 
181 0 |a i  
182 0 |a b 
200 1 |a Этика деловых отношений (38.03.01, 38.03.02) / ДО 2017  |e электронный курс  |f А. С. Феденкова, Л. Р. Тухватулина  |g Национальный исследовательский Томский политехнический университет, Школа базовой инженерной подготовки, Отделение социально-гуманитарных наук 
203 |a Текст  |c электронный 
210 |a Томск  |c TPU Moodle  |d 2018 
300 |a Заглавие с экрана 
333 |a Доступ по логину и паролю 
606 1 |a Профессиональная этика  |2 stltpush  |3 (RuTPU)RU\TPU\subj\68298  |9 83726 
610 1 |a электронный ресурс 
610 1 |a труды учёных ТПУ 
610 1 |a Moodle 
610 1 |a e-learning 
610 1 |a дистанционное образование 
610 1 |a дистанционное обучение 
610 1 |a электронные курсы ТПУ 
610 1 |a деловое общение 
610 1 |a представительское общение 
610 1 |a деловой этикет 
610 1 |a переговоры 
610 1 |a межнациональные общения 
610 1 |a гендерные аспекты 
686 |a Ю75я7  |2 rubbk 
700 1 |a Феденкова  |b А. С.  |c экономист  |c старший преподаватель Томского политехнического университета  |f 1984-  |g Анна Сергеевна  |3 (RuTPU)RU\TPU\pers\30870  |9 15116 
701 1 |a Тухватулина  |b Л. Р.  |c экономист  |c доцент Томского политехнического университета, кандидат философских наук  |f 1982-  |g Лилия Равильевна  |3 (RuTPU)RU\TPU\pers\26744  |9 12387 
712 0 2 |a Национальный исследовательский Томский политехнический университет  |b Школа базовой инженерной подготовки  |b Отделение социально-гуманитарных наук  |3 (RuTPU)RU\TPU\col\23512 
801 2 |a RU  |b 63413507  |c 20220324  |g RCR 
856 4 |u https://design.lms.tpu.ru/course/view.php?id=2894 
942 |c CF